[Event "Rottach Egern Seniors Cup 12th"]
[Site "Rottach Egern"]
[Date "2024.04.08"]
[Round "3"]
[White "Sombetzki, Detlef"]
[Black "Buchaeckert, Juergen"]
[Result "0-1"]
[WhiteElo "1748"]
[BlackElo "1882"]
[PlyCount "46"]
[EventDate "2024.04.06"]
[EventType "swiss"]
[EventRounds "9"]
[EventCountry "GER"]
[SourceTitle "CB16_2024"]
[SourceDate "2024.04.17"]
[SourceVersion "1"]
[SourceVersionDate "2024.04.17"]
[SourceQuality "1"]

1. d4 Nf6 2. Bf4 g6 3. e3 Bg7 4. h3 0-0 5. Nf3 d6 6. Be2 c5 7. c3 cxd4 8. exd4 Nc6 9. Nbd2 e5 10. dxe5 dxe5 11. Nxe5 Nd5 12. Nxc6 bxc6 13. Qa4 Re8 14. Qc4 Qb6 15. 0-0 Nxf4 16. Bf3 Nd5 17. Bxd5 cxd5 18. Qxd5 Be6 19. Qf3 Qxb2 20. Ne4 Rad8 21. Rab1 Qa3 22. Rb7 Bd5 23. Rd1 Bxb7 0-1

[Event "Arco op 41st"]
[Site "Arco"]
[Date "2019.10.08"]
[Round "5"]
[White "Buchaeckert, Juergen"]
[Black "Perman, Sergey"]
[Result "1/2-1/2"]
[WhiteElo "1847"]
[BlackElo "2113"]
[PlyCount "21"]
[EventDate "2019.10.04"]
[EventType "swiss"]
[EventRounds "9"]
[EventCountry "ITA"]
[SourceTitle "EXT 2020"]
[Source "ChessBase"]
[SourceDate "2019.10.17"]
[SourceVersion "1"]
[SourceVersionDate "2019.10.17"]
[SourceQuality "1"]

1. e4 e5 2. d4 exd4 3. Qxd4 Nc6 4. Qe3 Bb4+ 5. Nc3 Nf6 6. Bd2 0-0 7. 0-0-0 Re8 8. Qg3 d6 9. f3 a5 10. Nge2 Nh5 11. Qf2 1/2-1/2

[Event "Arco op 41st"]
[Site "Arco"]
[Date "2019.10.06"]
[Round "3"]
[White "Astengo, Corrado"]
[Black "Buchaeckert, Juergen"]
[Result "0-1"]
[WhiteElo "2100"]
[BlackElo "1847"]
[PlyCount "68"]
[EventDate "2019.10.04"]
[EventType "swiss"]
[EventRounds "9"]
[EventCountry "ITA"]
[SourceTitle "EXT 2020"]
[Source "ChessBase"]
[SourceDate "2019.10.17"]
[SourceVersion "1"]
[SourceVersionDate "2019.10.17"]
[SourceQuality "1"]

1. e4 c5 2. Nf3 Nc6 3. d4 cxd4 4. Nxd4 Nf6 5. Nc3 e5 6. Ndb5 d6 7. Bg5 a6 8. Na3 b5 9. Bxf6 gxf6 10. Nd5 Bg7 11. c3 f5 12. exf5 Bxf5 13. Nc2 0-0 14. Nce3 Be6 15. Bd3 f5 16. 0-0 Ra7 17. a4 Ne7 18. Nxe7+ Rxe7 19. axb5 axb5 20. Bxb5 d5 21. Ra6 Kh8 22. Qa4 f4 23. Nc2 Bc8 24. Ra8 Re6 25. Rd1 Rh6 26. g3 fxg3 27. fxg3 Qb6+ 28. Nd4 exd4 29. cxd4 Rhf6 30. Qc2 Qxb5 31. Rxc8 Qb4 32. Rxf8+ Rxf8 33. Qc5 Qb3 34. Re1 Qxb2 0-1

[Event "Lueneburg op-A"]
[Site "Lueneburg"]
[Date "2019.08.08"]
[Round "6"]
[White "Buchaeckert, Juergen"]
[Black "Kiesel, Lucas"]
[Result "0-1"]
[WhiteElo "1839"]
[BlackElo "1995"]
[PlyCount "102"]
[EventDate "2019.08.03"]
[EventType "swiss"]
[EventRounds "9"]
[EventCountry "GER"]
[SourceTitle "CBM 191 Extra"]
[Source "ChessBase"]
[SourceDate "2019.09.30"]
[SourceVersion "1"]
[SourceVersionDate "2019.09.30"]
[SourceQuality "1"]

1. e4 e5 2. d4 Nc6 3. dxe5 Nxe5 4. Nf3 Nxf3+ 5. Qxf3 Bc5 6. Bc4 Qe7 7. 0-0 d6 8. Nc3 c6 9. Qg3 Nf6 10. Bg5 h6 11. Bd2 Be6 12. Bd3 Bb6 13. b4 g5 14. Rae1 Nh5 15. Qf3 g4 16. Qe2 Qh4 17. Be3 Bc7 18. g3 Qf6 19. Bd2 0-0-0 20. b5 Bb6 21. bxc6 bxc6 22. Na4 Kc7 23. Nxb6 axb6 24. e5 dxe5 25. Qxe5+ Qxe5 26. Rxe5 Nf6 27. Bf4 Kb7 28. Rb1 Nd5 29. Bd2 Ra8 30. Rb2 Ra4 31. c4 Ne7 32. Be3 Nc8 33. c5 b5 34. Be4 Bc4 35. Bf5 Bxa2 36. Bxc8+ Kxc8 37. Re2 Bd5 38. Re1 Re4 39. Rh5 Re6 40. Ra1 Kb7 41. Rb1 Ka6 42. Ra1+ Kb7 43. Rb1 Be4 44. Rd1 Ka6 45. Ra1+ Kb7 46. Rd1 Ra8 47. Rd7+ Kc8 48. Rd1 b4 49. Bxh6 Bc2 50. Rf1 b3 51. Bf4 b2 0-1

[Event "Lueneburg op-A"]
[Site "Lueneburg"]
[Date "2019.08.06"]
[Round "4"]
[White "Buchaeckert, Juergen"]
[Black "Anderberg, Peter"]
[Result "1/2-1/2"]
[WhiteElo "1839"]
[BlackElo "2014"]
[PlyCount "30"]
[EventDate "2019.08.03"]
[EventType "swiss"]
[EventRounds "9"]
[EventCountry "GER"]
[SourceTitle "CBM 191 Extra"]
[Source "ChessBase"]
[SourceDate "2019.09.30"]
[SourceVersion "1"]
[SourceVersionDate "2019.09.30"]
[SourceQuality "1"]

1. e4 e5 2. d4 exd4 3. Qxd4 Nc6 4. Qe3 g6 5. Nc3 Bg7 6. Bd2 Nf6 7. 0-0-0 0-0 8. Bc4 Re8 9. Nf3 Na5 10. Bd3 c6 11. Qg5 d5 12. exd5 h6 13. Qh4 cxd5 14. Bxh6 Bxh6+ 15. Qxh6 Ng4 1/2-1/2

[Event "Lueneburg op-A"]
[Site "Lueneburg"]
[Date "2019.08.03"]
[Round "1"]
[White "Colbow, Collin"]
[Black "Buchaeckert, Juergen"]
[Result "1-0"]
[WhiteElo "2246"]
[BlackElo "1839"]
[PlyCount "75"]
[EventDate "2019.08.03"]
[EventType "swiss"]
[EventRounds "9"]
[EventCountry "GER"]
[SourceTitle "CBM 191 Extra"]
[Source "ChessBase"]
[SourceDate "2019.09.30"]
[SourceVersion "1"]
[SourceVersionDate "2019.09.30"]
[SourceQuality "1"]

1. e4 c5 2. Nf3 Nc6 3. d4 cxd4 4. Nxd4 Nf6 5. Nc3 e5 6. Ndb5 d6 7. Bg5 a6 8. Na3 b5 9. Nd5 Be7 10. Bxf6 Bxf6 11. c3 Rb8 12. Nc2 Bg5 13. Be2 0-0 14. 0-0 a5 15. Bg4 Be6 16. b4 axb4 17. cxb4 Ne7 18. Nce3 Bxe3 19. Nxe3 d5 20. exd5 Bxd5 21. Nxd5 Nxd5 22. Qb3 Nf6 23. Be2 Qb6 24. a4 bxa4 25. Rxa4 Ne4 26. Qd3 Nf6 27. b5 Rfd8 28. Qc3 Nd7 29. Rc1 Qd6 30. Ra7 Qb6 31. Rc7 Rb7 32. Rc6 Qa7 33. Rd1 Qb8 34. Rcd6 f6 35. Bg4 Rc7 36. Qb3+ Kh8 37. Rxd7 Rdxd7 38. Bxd7 1-0

[Event "Bodensee op"]
[Site "Bregenz"]
[Date "2019.05.25"]
[Round "1"]
[White "Buchaeckert, Juergen"]
[Black "Webersberger, Johann"]
[Result "0-1"]
[WhiteElo "1840"]
[BlackElo "2378"]
[PlyCount "62"]
[EventDate "2019.05.25"]
[EventType "swiss"]
[EventRounds "9"]
[EventCountry "AUT"]
[SourceTitle "CBM 190 Extra"]
[Source "ChessBase"]
[SourceDate "2019.07.15"]
[SourceVersion "1"]
[SourceVersionDate "2019.07.15"]
[SourceQuality "1"]

1. e4 g6 2. d4 Bg7 3. f4 d6 4. Nc3 a6 5. Be2 Nd7 6. Nf3 b5 7. a3 Bb7 8. 0-0 c5 9. Be3 Ngf6 10. dxc5 Ng4 11. Qd2 Nxe3 12. Qxe3 Nxc5 13. e5 0-0 14. Rad1 Rc8 15. Rd2 Qc7 16. Kh1 Ne6 17. Bd3 Bh6 18. Ne2 Bxf3 19. Qxf3 dxe5 20. g3 f5 21. Qd5 Qc6 22. Nc3 Rfd8 23. Qxc6 Rxc6 24. Rdf2 e4 25. Be2 Bg7 26. g4 Bxc3 27. bxc3 Rxc3 28. gxf5 gxf5 29. Rg2+ Kf7 30. Bh5+ Kf6 31. Rfg1 Nxf4 0-1

[Event "Bodensee op"]
[Site "Bregenz"]
[Date "2018.05.05"]
[Round "1"]
[White "Buchaeckert, Juergen"]
[Black "Schleining, Zoya"]
[Result "0-1"]
[WhiteElo "1840"]
[BlackElo "2394"]
[PlyCount "84"]
[EventDate "2018.05.05"]
[EventType "swiss"]
[EventRounds "9"]
[EventCountry "AUT"]
[SourceTitle "CBM 184 Extra"]
[Source "ChessBase"]
[SourceDate "2018.06.28"]
[SourceVersion "1"]
[SourceVersionDate "2018.06.28"]
[SourceQuality "1"]

1. e4 c6 2. Nc3 d5 3. Nf3 Nf6 4. e5 Ne4 5. Ne2 Qb6 6. d4 e6 7. c3 c5 8. dxc5 Bxc5 9. Ned4 Nc6 10. Bb5 0-0 11. Bxc6 bxc6 12. 0-0 a5 13. Qc2 Ba6 14. Re1 f5 15. Bf4 h6 16. h4 Kf7 17. Rad1 Be7 18. h5 c5 19. Ne2 a4 20. Nc1 Rfb8 21. b3 axb3 22. axb3 Bb5 23. Be3 Qa5 24. Bd2 Qa6 25. Bf4 Kg8 26. Be3 Be8 27. Nd3 Bxh5 28. Nf4 Bxf3 29. gxf3 Ng5 30. Kg2 Qa2 31. Qd3 Qxb3 32. Ng6 Qb7 33. Rh1 Kf7 34. Bxg5 Bxg5 35. f4 Kxg6 36. fxg5 hxg5 37. f4 d4+ 38. Kg1 g4 39. cxd4 cxd4 40. Qxd4 Rh8 41. Rxh8 Rxh8 42. Kf2 Qf3+ 0-1

[Event "Arber op 1st"]
[Site "Bayerisch Eisenstein"]
[Date "2012.08.24"]
[Round "7"]
[White "Buchaeckert, Juergen"]
[Black "Nurbekoglu, Michael"]
[Result "1/2-1/2"]
[WhiteElo "1807"]
[BlackElo "1958"]
[PlyCount "31"]
[EventDate "2012.08.18"]
[EventType "swiss"]
[EventRounds "9"]
[EventCountry "GER"]
[SourceTitle "CBM 150 Extra"]
[Source "ChessBase"]
[SourceDate "2012.10.19"]
[SourceVersion "1"]
[SourceVersionDate "2012.10.19"]
[SourceQuality "1"]

1. e4 d5 2. exd5 Qxd5 3. Nc3 Qd6 4. d4 a6 5. Bc4 Nf6 6. Bb3 Nc6 7. Nge2 Bf5 8. Bf4 Qd7 9. 0-0 e6 10. d5 exd5 11. Nxd5 Nxd5 12. Bxd5 0-0-0 13. Bb3 Qe7 14. Qe1 g5 15. Be3 h6 16. Qc3 1/2-1/2

[Event "Bad Woerishofen op 28th"]
[Site "Bad Woerishofen"]
[Date "2012.03.07"]
[Round "6"]
[White "Auschkalnis, Reinhard"]
[Black "Buchaeckert, Juergen"]
[Result "1-0"]
[WhiteElo "1822"]
[BlackElo "1979"]
[PlyCount "57"]
[EventDate "2012.03.02"]
[EventType "swiss"]
[EventRounds "9"]
[EventCountry "GER"]
[SourceTitle "EXT 2019"]
[Source "ChessBase"]
[SourceDate "2018.10.10"]
[SourceVersion "1"]
[SourceVersionDate "2018.10.10"]
[SourceQuality "1"]

1. e4 c5 2. Nc3 Nc6 3. f4 g6 4. Nf3 Bg7 5. Bb5 a6 6. Bxc6 dxc6 7. 0-0 e6 8. d3 Ne7 9. Rb1 b5 10. Qe1 Bd7 11. Be3 c4 12. dxc4 bxc4 13. Qe2 Qa5 14. Qxc4 0-0 15. Rfd1 Rad8 16. b4 Qh5 17. Bb6 c5 18. Bxd8 Rxd8 19. bxc5 Nc6 20. Na4 Bf8 21. Rd3 Rb8 22. Rxb8 Nxb8 23. Rxd7 Nxd7 24. c6 Nb6 25. Nxb6 Bc5+ 26. Kf1 Bxb6 27. c7 Bxc7 28. Qxc7 Qb5+ 29. Kf2 1-0

[Event "Bayern-chI Bank Hofmann 14th"]
[Site "Bad Wiessee"]
[Date "2010.10.30"]
[Round "1"]
[White "Buchaeckert, Juergen"]
[Black "Zude, Arno"]
[Result "0-1"]
[WhiteElo "1990"]
[BlackElo "2470"]
[PlyCount "58"]
[EventDate "2010.10.30"]
[EventType "swiss"]
[EventRounds "9"]
[EventCountry "GER"]
[SourceTitle "EXT 2011"]
[Source "ChessBase"]
[SourceDate "2010.11.26"]
[SourceVersion "1"]
[SourceVersionDate "2010.11.26"]
[SourceQuality "1"]

1. e4 e5 2. d4 exd4 3. Qxd4 Nc6 4. Qe3 g6 5. Nc3 Bg7 6. Bd2 Nf6 7. 0-0-0 0-0 8. Bc4 Re8 9. Nf3 d6 10. h4 Bg4 11. Rdg1 Na5 12. Be2 c5 13. Ng5 Bxe2 14. Qxe2 h6 15. Nh3 d5 16. f3 Nc6 17. Nf4 Nd4 18. Qd3 dxe4 19. Nxe4 Nxe4 20. fxe4 c4 21. Qe3 Nb5 22. Rd1 Qb6 23. Rhe1 c3 24. Bxc3 Nxc3 25. bxc3 Qa5 26. Kb2 Qb4+ 27. Kc1 Bxc3 28. Nd3 Qa3+ 29. Kb1 Re5 0-1

[Event "Bad Woerishofen op 26th"]
[Site "Bad Woerishofen"]
[Date "2010.03.06"]
[Round "1"]
[White "Buchaeckert, Juergen"]
[Black "Buecker, Stefan"]
[Result "0-1"]
[WhiteElo "1994"]
[BlackElo "2355"]
[PlyCount "110"]
[EventDate "2010.03.06"]
[EventType "swiss"]
[EventRounds "9"]
[EventCountry "GER"]
[SourceTitle "CBM 135 Extra"]
[Source "ChessBase"]
[SourceDate "2010.05.04"]
[SourceVersion "1"]
[SourceVersionDate "2010.05.04"]
[SourceQuality "1"]

1. e4 Nf6 2. e5 Nd5 3. c4 Nb6 4. c5 Nd5 5. Bc4 c6 6. d4 b6 7. cxb6 Nxb6 8. Bd3 g6 9. Nf3 Bg7 10. 0-0 Na6 11. Nc3 0-0 12. Bg5 h6 13. Be3 Nb4 14. Be2 Kh7 15. Qb3 a5 16. a3 N4d5 17. Nxd5 Nxd5 18. Nd2 a4 19. Qc2 Qa5 20. h4 Ba6 21. Bxa6 Qxa6 22. Ne4 Qa7 23. h5 Rfc8 24. hxg6+ fxg6 25. Qd2 Rcb8 26. Rab1 Rb3 27. Nc5 Rb5 28. f4 e6 29. Rf3 Rf8 30. g4 Rxc5 31. dxc5 Bxe5 32. Rbf1 Bf6 33. g5 Be7 34. Kg2 h5 35. Qd4 Rf5 36. Bg1 Qa6 37. Be3 Bf8 38. Qd2 Qc4 39. Rc1 Qe4 40. Re1 Qc4 41. Rc1 Qb5 42. Bd4 Be7 43. Rc2 Qb8 44. Be3 Kg8 45. Kh3 e5 46. Rc4 Bxg5 47. Rxa4 exf4 48. Bg1 Qe8 49. Rd4 Qe6 50. Kh2 Re5 51. Qg2 Kh7 52. Rd2 Bh6 53. Bd4 Re4 54. Qh3 Qf7 55. Qh4 g5 0-1

[Event "Seefeld op 20th"]
[Site "Seefeld"]
[Date "2009.09.29"]
[Round "6"]
[White "Buchaeckert, Juergen"]
[Black "Pregl, Walter"]
[Result "1/2-1/2"]
[WhiteElo "1991"]
[BlackElo "2115"]
[PlyCount "72"]
[EventDate "2009.09.24"]
[EventType "swiss"]
[EventRounds "9"]
[EventCountry "AUT"]
[SourceTitle "EXT 2012"]
[Source "ChessBase"]
[SourceDate "2011.11.24"]
[SourceVersion "1"]
[SourceVersionDate "2011.11.24"]
[SourceQuality "1"]

1. e4 c5 2. c3 d6 3. d4 Nd7 4. Nf3 e6 5. Bd3 Be7 6. 0-0 Qc7 7. Re1 c4 8. Bc2 Ngf6 9. e5 Nd5 10. Nbd2 dxe5 11. dxe5 N7b6 12. Ne4 Bd7 13. Bg5 f6 14. Bh4 0-0-0 15. Bg3 f5 16. Nd6+ Bxd6 17. exd6 Qc5 18. Be5 Rhg8 19. b4 cxb3 20. axb3 Kb8 21. Bd4 Qc8 22. c4 Nb4 23. c5 N6d5 24. Ne5 Nc6 25. Qd2 g5 26. b4 Ndxb4 27. Bb3 Nxe5 28. Qxb4 Nc6 29. Qa3 a6 30. Bf6 Rde8 31. Bc4 Ka7 32. Reb1 Nb8 33. Rb6 Bc6 34. Be5 Bd7 35. Bd4 Bc6 36. Be5 Bd7 1/2-1/2

[Event "Seefeld op 20th"]
[Site "Seefeld"]
[Date "2009.09.27"]
[Round "4"]
[White "Buchaeckert, Juergen"]
[Black "Schunk, Thomas"]
[Result "0-1"]
[WhiteElo "1991"]
[BlackElo "2279"]
[PlyCount "74"]
[EventDate "2009.09.24"]
[EventType "swiss"]
[EventRounds "9"]
[EventCountry "AUT"]
[SourceTitle "EXT 2012"]
[Source "ChessBase"]
[SourceDate "2011.11.24"]
[SourceVersion "1"]
[SourceVersionDate "2011.11.24"]
[SourceQuality "1"]

1. e4 e5 2. d4 exd4 3. Qxd4 Nc6 4. Qe3 g6 5. Nc3 Bg7 6. Bd2 Nge7 7. 0-0-0 0-0 8. Bc4 a6 9. h4 b5 10. Bb3 Nd4 11. h5 Nxb3+ 12. axb3 d5 13. hxg6 fxg6 14. Nxd5 Nxd5 15. exd5 Qf6 16. Bc3 Qxf2 17. Qd2 Bg4 18. Nf3 Qxd2+ 19. Rxd2 Bxc3 20. bxc3 Bxf3 21. gxf3 Rxf3 22. d6 cxd6 23. Rxd6 Ra7 24. Kb2 Kg7 25. Ra1 Rf6 26. Rd5 Rc7 27. Rd4 g5 28. c4 bxc4 29. Rxc4 Rxc4 30. bxc4 g4 31. Kc3 h5 32. Kd4 g3 33. c5 h4 34. Rg1 Rg6 35. Kd5 h3 36. c6 h2 37. Rb1 Rxc6 0-1